| 000 | 00860nam a2200337Ia 4500 | ||
|---|---|---|---|
| 001 | 5662 | ||
| 005 | 20240113233842.0 | ||
| 007 | ta | ||
| 008 | 050622s1981 g b000 u eng u | ||
| 020 | _a0-14-018350-7 | ||
| 040 | _aCotton College,Assam | ||
| 041 | _aeng | ||
| 082 |
_a820.928 _bSt 11 Em |
||
| 082 |
_a920 _bSt 81 Em |
||
| 100 | _aStrachey, Lytton . | ||
| 245 | 0 |
_aEminent Victorians / _cLytton Strachey. _hTextual Documents |
|
| 250 | _a1st ed. / | ||
| 260 |
_aLondon : _bChatto & Windus , _c1981. |
||
| 300 |
_axii, 267p. ; _c20cm. |
||
| 500 | _aWith an inytroduction by Michael Holroyd. | ||
| 504 | _aBib. | ||
| 653 | _aEnglish Literature | ||
| 653 | _aG-English | ||
| 653 | _aG-Biography | ||
| 942 |
_2ddc _cBK |
||
| 999 |
_c5649 _d5649 |
||